Les prénoms les plus donnés en France depuis 1900 - Statistiques

Statistiques générales
  • Ce quiz a été pris 432 fois
    184 depuis la dernière actualisation
  • Le résultat moyen est 52 sur 100
Statistiques - réponses
Rang Prénom % Correct
2 Jean
94%
1 Marie
87%
25 François
84%
7 Louis
84%
15 Paul
84%
3 Pierre
84%
86 Julie
79%
4 Michel
79%
70 Marc
74%
11 Jacques
73%
35 Anne
71%
52 Antoine
71%
22 Christian
71%
51 Louise
69%
23 Françoise
67%
8 Philippe
67%
32 Christophe
66%
43 Stéphane
66%
85 Jean-Pierre
65%
20 Nicolas
65%
13 Bernard
64%
18 Claude
64%
53 Thomas
64%
56 Olivier
62%
26 Patrick
61%
65 Charles
59%
39 Frédéric
59%
36 Julien
59%
34 Sylvie
59%
63 Valérie
59%
46 Alexandre
58%
30 Gérard
58%
6 Jeanne
58%
69 Stéphanie
56%
10 Alain
55%
55 Christine
55%
38 Laurent
55%
89 Lucie
55%
9 René
55%
5 André
54%
28 Nathalie
54%
67 Sandrine
54%
64 Sophie
54%
14 Daniel
53%
41 Eric
53%
78 Guillaume
53%
44 Pascal
53%
50 Thierry
53%
75 Yves
53%
92 Camille
52%
42 David
52%
66 Dominique
52%
21 Georges
52%
31 Isabelle
52%
47 Sébastien
52%
73 Vincent
52%
61 Christiane
51%
100 Emilie
51%
72 Véronique
51%
54 Hélène
49%
93 Léa
49%
17 Robert
49%
68 Céline
48%
19 Henri
48%
12 Marcel
48%
27 Catherine
47%
91 Annie
46%
77 Maxime
45%
40 Martine
44%
48 Nicole
44%
99 Brigitte
42%
71 Didier
42%
96 Gabriel
41%
29 Joseph
41%
88 Paulette
41%
94 Alice
40%
24 Monique
40%
80 Bruno
39%
60 Denise
39%
95 Patricia
39%
74 Chantal
38%
83 Lucien
38%
37 Maurice
38%
81 Simone
38%
33 Jacqueline
36%
98 Yvette
36%
97 Albert
34%
59 Guy
34%
79 Renée
34%
16 Roger
34%
87 Andrée
33%
45 Madeleine
32%
57 Raymond
32%
82 Serge
32%
58 Marguerite
28%
76 Marcelle
27%
84 Jeannine
26%
49 Suzanne
24%
62 Yvonne
22%
90 Germaine
16%
Aucun quiz correspondant
Distribution des résultats
% des personnes avec chaque résultat
Percentile par nombre de réponses
Votre historique - résultats
Vous n’avez pas pris ce quiz depuis la dernière actualisation